000 00292nam a22001337a 4500
008 171003b xxu||||| |||| 00| 0 eng d
020 _a2900664223341
041 _aeng
080 _a159.9
100 _a48
101 _aPSI
245 _aADOLESCENTS IN CRISIS
_cROWAT,G.W
942 _2udc
_cBK
999 _c31428
_d31428